Online
Catalog

Niños, autores y libros / (Record no. 851)

MARC details
000 -CABECERA
campo de control de longitud fija 00829cam a2200241 a 4500
001 - NÚMERO DE CONTROL
campo de control 000000855
005 - FECHA Y HORA DE LA ÚLTIMA TRANSACCIÓN
campo de control 20200929145427.0
008 - DATOS DE LONGITUD FIJA--INFORMACIÓN GENERAL
campo de control de longitud fija 850912s1981 cu b 000 0dspa
040 ## - FUENTE DE LA CATALOGACIÓN
Centro catalogador/agencia de origen DO-SdBNP
Centro/agencia transcriptor DLC
Centro/agencia modificador DLC
082 ## - NÚMERO DE LA CLASIFICACIÓN DECIMAL DEWEY
Número de clasificación 808.068
Número de documento/Ítem E43n
100 1# - ENTRADA PRINCIPAL--NOMBRE DE PERSONA
Nombre de persona Elizagaray, Alga Marina,
Fechas asociadas al nombre 1937-
9 (RLIN) 3040
245 10 - MENCIÓN DE TÍTULO
Título Niños, autores y libros /
Mención de responsabilidad, etc. Alga Marina Elizagaray.
260 ## - PUBLICACIÓN, DISTRIBUCIÓN, ETC.
Lugar de publicación, distribución, etc. Ciudad de La Habana, Cuba :
Nombre del editor, distribuidor, etc. Gente Nueva,
-- Universo,
Fecha de publicación, distribución, etc. c1981.
300 ## - DESCRIPCIÓN FÍSICA
Extensión 205 p. ;
Dimensiones 19 cm.
504 ## - NOTA DE BIBLIOGRAFÍA, ETC.
Nota de bibliografía, etc. Bibliografía: p. 178-180.
500 ## - NOTA GENERAL
Nota general Incluye índice.
650 #4 - PUNTO DE ACCESO ADICIONAL DE MATERIA--TÉRMINO DE MATERIA
Término de materia o nombre geográfico como elemento de entrada Literatura infantil
Subdivisión general Historia y crítica
9 (RLIN) 3041
650 #4 - PUNTO DE ACCESO ADICIONAL DE MATERIA--TÉRMINO DE MATERIA
Término de materia o nombre geográfico como elemento de entrada Infantil
Subdivisión general Libros y lectura
Subdivisión geográfica Cuba
9 (RLIN) 3042
650 #4 - PUNTO DE ACCESO ADICIONAL DE MATERIA--TÉRMINO DE MATERIA
Término de materia o nombre geográfico como elemento de entrada Autores
Subdivisión cronológica SIGLO XIX
Subdivisión general Biografías
9 (RLIN) 3043
650 #4 - PUNTO DE ACCESO ADICIONAL DE MATERIA--TÉRMINO DE MATERIA
Término de materia o nombre geográfico como elemento de entrada Autores
Subdivisión cronológica SIGLO XX
Subdivisión general Biografía
9 (RLIN) 3044
710 2# - PUNTO DE ACCESO ADICIONAL--NOMBRE DE ENTIDAD CORPORATIVA
Nombre de entidad corporativa o nombre de jurisdicción como elemento de entrada Universo
9 (RLIN) 3045
910 ## - DATOS DE OPCIÓN DEL USUARIO (OCLC)
Datos de opción del usuario Catalogación por copia/LC/CC
Holdings
Estado de retiro Estado de pérdida Restricciones de uso No para préstamo Código de colección Localización permanente Ubicación/localización actual Ubicación en estantería Fecha de adquisición Número de inventario Total de préstamos Signatura topográfica completa Código de barras Fecha visto por última vez Precio válido a partir de Tipo de ítem Koha
    Préstamo interno Préstamo en sala Dominicana de Servicio Biblioteca Nacional Pedro Henríquez Ureña Biblioteca Nacional Pedro Henríquez Ureña Depósito 04.09.2009 LF1   808.068 E43n 855-10 25.06.2020 25.06.2020 Libros y folletos

Powered by Koha